[Event "Sheffield op"]
[Site "Sheffield"]
[Date "2024.04.14"]
[Round "9"]
[White "Carroll, Thomas"]
[Black "Gurner, Jem"]
[Result "1/2-1/2"]
[WhiteElo "2074"]
[BlackElo "1990"]
[PlyCount "27"]
[EventDate "2024.04.10"]
[EventType "swiss"]
[EventRounds "9"]
[EventCountry "ENG"]
[SourceTitle "CB16_2024"]
[SourceDate "2024.04.17"]
[SourceVersion "1"]
[SourceVersionDate "2024.04.17"]
[SourceQuality "1"]

1. d4 Nf6 2. Bg5 e6 3. e4 h6 4. Bxf6 Qxf6 5. c3 d6 6. Bd3 g6 7. Ne2 Bg7 8. 0-0 0-0 9. f4 Qe7 10. f5 Nd7 11. fxg6 fxg6 12. Rxf8+ Nxf8 13. Nd2 e5 14. Nf3 1/2-1/2

[Event "Sheffield op"]
[Site "Sheffield"]
[Date "2024.04.11"]
[Round "2"]
[White "Gurner, Jem"]
[Black "Turner, Lewis A"]
[Result "1-0"]
[WhiteElo "1990"]
[BlackElo "1928"]
[PlyCount "51"]
[EventDate "2024.04.10"]
[EventType "swiss"]
[EventRounds "9"]
[EventCountry "ENG"]
[SourceTitle "CB16_2024"]
[SourceDate "2024.04.17"]
[SourceVersion "1"]
[SourceVersionDate "2024.04.17"]
[SourceQuality "1"]

1. d4 Nf6 2. c4 g6 3. Nc3 d5 4. cxd5 Nxd5 5. e4 Nxc3 6. bxc3 Bg7 7. Bc4 c5 8. Ne2 Nc6 9. Be3 0-0 10. 0-0 b6 11. h4 e6 12. h5 Qh4 13. Qc1 Bb7 14. Bg5 Qxe4 15. Ng3 Qg4 16. Be2 Qxg3 17. fxg3 cxd4 18. h6 Be5 19. Bf6 Bxf6 20. Rxf6 Rac8 21. c4 Ne7 22. Qf4 Nf5 23. g4 e5 24. Qg5 Ng3 25. Qxe5 Rfe8 26. Re6 1-0

[Event "Reykjavik op"]
[Site "Reykjavik"]
[Date "2024.03.20"]
[Round "8"]
[White "Belenkaya, Dina"]
[Black "Gurner, Jem"]
[Result "1-0"]
[WhiteElo "2164"]
[BlackElo "1968"]
[PlyCount "69"]
[EventDate "2024.03.15"]
[EventType "swiss"]
[EventRounds "9"]
[EventCountry "ISL"]
[SourceTitle "CB13_2024"]
[SourceDate "2024.03.27"]
[SourceVersion "1"]
[SourceVersionDate "2024.03.27"]
[SourceQuality "1"]

1. d4 Nf6 2. c4 g6 3. Nc3 Bg7 4. e4 d6 5. Nf3 0-0 6. Bd3 Bg4 7. Be2 c5 8. d5 e6 9. 0-0 exd5 10. cxd5 Bxf3 11. Bxf3 a6 12. a4 Nbd7 13. Be2 b5 14. axb5 axb5 15. Rxa8 Qxa8 16. Bxb5 Rb8 17. Bc6 Qa5 18. f4 Qb4 19. Qf3 Nb6 20. e5 Ne8 21. Nb5 Nc4 22. b3 Rxb5 23. Bxb5 Qxb5 24. bxc4 Qxc4 25. Bb2 Qc2 26. Ba1 Bf8 27. Qh3 Ng7 28. exd6 Bxd6 29. Qc8+ Bf8 30. d6 Ne6 31. d7 Qd2 32. Bf6 c4 33. Be7 Qe3+ 34. Kh1 Qd3 35. Rg1 1-0

[Event "Reykjavik op"]
[Site "Reykjavik"]
[Date "2024.03.18"]
[Round "6"]
[White "Hallmundarson, Birkir"]
[Black "Gurner, Jem"]
[Result "0-1"]
[WhiteElo "1708"]
[BlackElo "1968"]
[PlyCount "66"]
[EventDate "2024.03.15"]
[EventType "swiss"]
[EventRounds "9"]
[EventCountry "ISL"]
[SourceTitle "CB13_2024"]
[SourceDate "2024.03.27"]
[SourceVersion "1"]
[SourceVersionDate "2024.03.27"]
[SourceQuality "1"]

1. Nf3 Nf6 2. c4 g6 3. Nc3 Bg7 4. e4 d6 5. d4 0-0 6. h3 e5 7. d5 a5 8. Be3 Na6 9. g4 Kh8 10. Be2 c6 11. Nd2 Nd7 12. h4 cxd5 13. cxd5 f5 14. Bg5 Bf6 15. Bxf6+ Qxf6 16. g5 Qe7 17. Qc2 Nb4 18. Qb1 Nc5 19. a3 Nba6 20. Qa2 fxe4 21. Ncxe4 Bf5 22. Nc3 Rfc8 23. Nc4 Qd8 24. h5 Nb4 25. axb4 axb4 26. Nb5 Rxa2 27. Rxa2 Qxg5 28. Nbxd6 Qc1+ 29. Bd1 Nd3+ 30. Ke2 Nf4+ 31. Kf3 Nd3 32. Nxc8 Qf4+ 33. Kg2 Qxf2# 0-1

[Event "Reykjavik op"]
[Site "Reykjavik"]
[Date "2024.03.16"]
[Round "3"]
[White "Gurner, Jem"]
[Black "Mannion, Stephen R"]
[Result "0-1"]
[WhiteElo "1968"]
[BlackElo "2166"]
[PlyCount "94"]
[EventDate "2024.03.15"]
[EventType "swiss"]
[EventRounds "9"]
[EventCountry "ISL"]
[SourceTitle "CB13_2024"]
[SourceDate "2024.03.27"]
[SourceVersion "1"]
[SourceVersionDate "2024.03.27"]
[SourceQuality "1"]

1. e4 e5 2. Nf3 Nc6 3. Bb5 a6 4. Ba4 Nf6 5. d4 exd4 6. 0-0 Be7 7. Re1 b5 8. Bb3 d6 9. Bd5 Nxd5 10. exd5 Ne5 11. Nxd4 0-0 12. Nc3 Bb7 13. Nf5 Bf6 14. a4 Qd7 15. Ng3 g6 16. Bh6 Rfe8 17. Nce4 Bh8 18. Bg5 f5 19. Nf6+ Bxf6 20. Bxf6 Qf7 21. Bxe5 Rxe5 22. Rxe5 dxe5 23. axb5 axb5 24. Rxa8+ Bxa8 25. d6 Qd7 26. Qa1 Qc6 27. Qa2+ Kg7 28. f3 Qc5+ 29. Kf1 Bd5 30. b3 cxd6 31. Ne2 b4 32. Qb2 Bc6 33. c4 bxc3 34. Nxc3 Qd4 35. Qc1 Bb7 36. Qa1 Qb6 37. Qa4 Ba6+ 38. Ne2 Qb5 39. Qxb5 Bxb5 40. Ke1 Bxe2 41. Kxe2 Kf6 42. Kd3 d5 43. Kc3 Ke6 44. h4 Kd6 45. Kd3 Kc5 46. Kc3 e4 47. fxe4 fxe4 0-1

[Event "Titled Tuesday intern op 23rd Jan Late"]
[Site "Chess.com INT"]
[Date "2024.01.23"]
[Round "9"]
[White "Sarkar, Justin"]
[Black "Gurner, Jem"]
[Result "0-1"]
[WhiteElo "2272"]
[BlackElo "1927"]
[PlyCount "96"]
[EventDate "2024.01.23"]
[EventType "swiss (blitz)"]
[EventRounds "11"]
[EventCountry "USA"]
[SourceTitle "CB05_2024"]
[SourceDate "2024.01.31"]
[SourceVersion "1"]
[SourceVersionDate "2024.01.31"]
[SourceQuality "1"]

1. d4 Nf6 2. c4 g6 3. Nc3 Bg7 4. e4 d6 5. Nf3 0-0 6. Be2 e5 7. 0-0 Nc6 8. d5 Ne7 9. Be3 Ng4 10. Bg5 h6 11. Bd2 f5 12. Nh4 Nf6 13. exf5 gxf5 14. g3 a6 15. Qc1 Kh7 16. f4 e4 17. Be3 b6 18. Qd2 Ng6 19. Nxg6 Kxg6 20. h3 h5 21. Bd4 Rh8 22. Nd1 Qg8 23. Ne3 Kf7 24. Kh2 h4 25. g4 fxg4 26. hxg4 Bd7 27. g5 Nh5 28. g6+ Kf8 29. Bxh5 Rxh5 30. f5 Bxd4 31. Qxd4 Qg7 32. Qxg7+ Kxg7 33. Rf4 Re8 34. Rg1 Kf6 35. Rgg4 Bxf5 36. Rxh4 Rxh4+ 37. Rxh4 Bxg6 38. Kg3 Ke5 39. Rg4 Kd4 40. Nc2+ Kd3 41. Nb4+ Kxc4 42. Nc6 Bf5 43. Rf4 Bh7 44. Kf2 Kxd5 45. Nb4+ Kc4 46. Nxa6 Kd3 47. Nxc7 e3+ 48. Ke1 Rg8 0-1

[Event "EU Small Countries blitz op 8th"]
[Site "St Helier"]
[Date "2023.11.02"]
[Round "10"]
[White "Darmanin, Jake"]
[Black "Gurner, Jem"]
[Result "1-0"]
[WhiteElo "2119"]
[BlackElo "1775"]
[PlyCount "62"]
[EventDate "2023.11.02"]
[EventType "swiss (blitz)"]
[EventRounds "11"]
[EventCountry "GCI"]
[SourceTitle "CB46_2023"]
[SourceDate "2023.11.15"]
[SourceVersion "1"]
[SourceVersionDate "2023.11.15"]
[SourceQuality "1"]

1. e4 c5 2. Nf3 d6 3. c3 Nf6 4. h3 g6 5. Bd3 Bg7 6. Bc2 0-0 7. d4 cxd4 8. cxd4 Nc6 9. 0-0 a6 10. Nc3 Bd7 11. Re1 Rc8 12. Qe2 Ne8 13. Be3 b5 14. Rad1 Na5 15. e5 Nc4 16. Bc1 dxe5 17. dxe5 e6 18. Bg5 Qc7 19. Be7 Nxb2 20. Rxd7 Qxd7 21. Bxf8 Bxf8 22. Ne4 Qc6 23. Bb3 Nc4 24. Nf6+ Nxf6 25. exf6 a5 26. a4 bxa4 27. Ba2 Nd6 28. Ne5 Qc2 29. Nd7 Qxe2 30. Rxe2 Rc1+ 31. Kh2 Rc3 1-0

[Event "EU Small Countries blitz op 8th"]
[Site "St Helier"]
[Date "2023.11.02"]
[Round "5"]
[White "Ferster, Fabian"]
[Black "Gurner, Jem"]
[Result "0-1"]
[WhiteElo "2108"]
[BlackElo "1775"]
[PlyCount "84"]
[EventDate "2023.11.02"]
[EventType "swiss (blitz)"]
[EventRounds "11"]
[EventCountry "GCI"]
[SourceTitle "CB46_2023"]
[SourceDate "2023.11.15"]
[SourceVersion "1"]
[SourceVersionDate "2023.11.15"]
[SourceQuality "1"]

1. e4 e5 2. Nf3 Nc6 3. Bb5 a6 4. Ba4 Nf6 5. d3 b5 6. Bb3 Be7 7. c3 d6 8. 0-0 Na5 9. Bc2 c5 10. d4 Qc7 11. b4 cxb4 12. cxb4 Nc4 13. a4 Bb7 14. d5 0-0 15. Nbd2 Rfc8 16. Bd3 Qb6 17. Nb3 bxa4 18. Rxa4 Qd8 19. Na5 Nxa5 20. Rxa5 Qd7 21. Be3 Bd8 22. Ra1 Ng4 23. Qe2 Nxe3 24. fxe3 a5 25. b5 Bb6 26. Kh1 Rc3 27. Ng5 Rf8 28. Rad1 h6 29. Nf3 Rfc8 30. Nd2 Bc5 31. Nc4 Bb4 32. Qf2 R3xc4 33. Bxc4 Rxc4 34. Qh4 f5 35. Qh5 Rxe4 36. Qg6 Qf7 37. Qg3 Bxd5 38. Qf2 Rg4 39. Rg1 Bc5 40. Qd2 Be4 41. Qxa5 Qh5 42. Qd8+ Kh7 0-1

[Event "EU Small Countries blitz op 8th"]
[Site "St Helier"]
[Date "2023.11.02"]
[Round "2"]
[White "Gurner, Jem"]
[Black "Dornbusch, Tatiana"]
[Result "1-0"]
[WhiteElo "1775"]
[BlackElo "2162"]
[PlyCount "127"]
[EventDate "2023.11.02"]
[EventType "swiss (blitz)"]
[EventRounds "11"]
[EventCountry "GCI"]
[SourceTitle "CB46_2023"]
[SourceDate "2023.11.15"]
[SourceVersion "1"]
[SourceVersionDate "2023.11.15"]
[SourceQuality "1"]

1. e4 Nf6 2. Nc3 d5 3. exd5 Nxd5 4. Bc4 Nxc3 5. bxc3 e6 6. Nf3 Be7 7. 0-0 0-0 8. Re1 c5 9. d3 Nc6 10. a4 b6 11. Bf4 Bf6 12. Qd2 Bb7 13. Bg3 Qd7 14. Ne5 Nxe5 15. Bxe5 Bxe5 16. Rxe5 Qc6 17. f3 Rfd8 18. Qe2 a6 19. Bb3 Qd6 20. Re1 Kh8 21. f4 Rac8 22. f5 exf5 23. Re8+ Rxe8 24. Qxe8+ Qf8 25. Qxf8+ Rxf8 26. Re7 Rb8 27. Rxf7 g6 28. Kf2 Bc6 29. Rc7 Be8 30. Ra7 a5 31. Ke3 Bc6 32. g3 Re8+ 33. Kf4 h6 34. Bf7 Re2 35. Bxg6 Bxa4 36. Kxf5 Rf2+ 37. Ke6 Bxc2 38. Bf5 a4 39. Kf6 Bb3 40. Ra8+ Bg8 41. Kg6 Rxf5 42. Kxf5 b5 43. c4 bxc4 44. dxc4 Kg7 45. Rxa4 Bf7 46. Ra5 Bxc4 47. Rxc5 Bd3+ 48. Kf4 Kg6 49. h4 Be2 50. Rc6+ Kg7 51. Ke5 h5 52. Rc5 Kg6 53. Kf4 Bd1 54. Rg5+ Kh6 55. Ke5 Be2 56. Kf6 Bd1 57. Rc5 Be2 58. Rc8 Kh7 59. Kg5 Bg4 60. Rc6 Kg7 61. Rg6+ Kf7 62. Rh6 Kg7 63. Rxh5 Bxh5 64. Kxh5 1-0

[Event "EU Small Countries blitz op 8th"]
[Site "St Helier"]
[Date "2023.11.02"]
[Round "11"]
[White "Gurner, Jem"]
[Black "Heron, Andrew"]
[Result "1-0"]
[WhiteElo "1775"]
[BlackElo "1769"]
[PlyCount "48"]
[EventDate "2023.11.02"]
[EventType "swiss (blitz)"]
[EventRounds "11"]
[EventCountry "GCI"]
[SourceTitle "CB46_2023"]
[SourceDate "2023.11.15"]
[SourceVersion "1"]
[SourceVersionDate "2023.11.15"]
[SourceQuality "1"]

1. e4 c5 2. c3 Nf6 3. e5 Nd5 4. d4 cxd4 5. Nf3 Nc6 6. cxd4 d6 7. Bc4 Nb6 8. Bb3 dxe5 9. d5 Nd4 10. Nxd4 exd4 11. Qxd4 e6 12. Nc3 exd5 13. 0-0 Be6 14. Bf4 Rc8 15. Rfe1 Be7 16. Qxg7 Bf6 17. Qg3 h5 18. Rad1 h4 19. Rxe6+ Be7 20. Qg7 Rf8 21. Ree1 Rc6 22. Nxd5 Nxd5 23. Rxd5 Qc8 24. Bg5 Ra6 1-0

[Event "EU Small Countries blitz op 8th"]
[Site "St Helier"]
[Date "2023.11.02"]
[Round "8"]
[White "Gurner, Jem"]
[Black "Rodgaard, John"]
[Result "1/2-1/2"]
[WhiteElo "1775"]
[BlackElo "2320"]
[PlyCount "50"]
[EventDate "2023.11.02"]
[EventType "swiss (blitz)"]
[EventRounds "11"]
[EventCountry "GCI"]
[SourceTitle "CB46_2023"]
[SourceDate "2023.11.15"]
[SourceVersion "1"]
[SourceVersionDate "2023.11.15"]
[SourceQuality "1"]

1. e4 e6 2. d4 d5 3. Nd2 c5 4. exd5 Qxd5 5. Ngf3 cxd4 6. Bc4 Qd7 7. 0-0 Nc6 8. Nb3 a6 9. Nbxd4 Nxd4 10. Nxd4 Qc7 11. Bb3 Bd6 12. h3 Ne7 13. Be3 0-0 14. c3 e5 15. Nf3 Bf5 16. Nh4 Be4 17. Bc2 Bxc2 18. Qxc2 Rfd8 19. Nf5 Nxf5 20. Qxf5 Bc5 21. Bxc5 Qxc5 22. Rfd1 Qc7 23. Qf3 f6 24. Rxd8+ Rxd8 25. Rd1 Rd7 1/2-1/2

[Event "EU Small Countries blitz op 8th"]
[Site "St Helier"]
[Date "2023.11.02"]
[Round "3"]
[White "Pace, Colin"]
[Black "Gurner, Jem"]
[Result "1-0"]
[WhiteElo "2068"]
[BlackElo "1775"]
[PlyCount "83"]
[EventDate "2023.11.02"]
[EventType "swiss (blitz)"]
[EventRounds "11"]
[EventCountry "GCI"]
[SourceTitle "CB46_2023"]
[SourceDate "2023.11.15"]
[SourceVersion "1"]
[SourceVersionDate "2023.11.15"]
[SourceQuality "1"]

1. e4 c5 2. Nf3 d6 3. d4 cxd4 4. Nxd4 Nf6 5. Nc3 a6 6. Nb3 e5 7. Bg5 Nbd7 8. Qd2 h6 9. Bh4 Be7 10. 0-0-0 b5 11. Kb1 Bb7 12. f3 Rc8 13. Bf2 Nb6 14. Na5 Ba8 15. g4 Nc4 16. Nxc4 bxc4 17. h4 Qa5 18. Nd5 Qxd2 19. Nxf6+ Bxf6 20. Rxd2 Ke7 21. Be2 Rhd8 22. Be3 g5 23. h5 d5 24. exd5 Rxd5 25. Rhd1 Rxd2 26. Bxd2 e4 27. Bb4+ Ke8 28. fxe4 Bxe4 29. Re1 Kd7 30. Rd1+ Ke8 31. Kc1 c3 32. b3 Rd8 33. Bxa6 Rxd1+ 34. Kxd1 Bf3+ 35. Be2 Bc6 36. a4 Bd8 37. Bxc3 Bd7 38. Bg7 f5 39. gxf5 Bxf5 40. Bd4 g4 41. b4 g3 42. Bf3 1-0

[Event "EU Small Countries ol 8th"]
[Site "St Helier"]
[Date "2023.10.30"]
[Round "2.2"]
[White "Gurner, Jem"]
[Black "Berend, Elvira S"]
[Result "1/2-1/2"]
[WhiteElo "1848"]
[BlackElo "2280"]
[PlyCount "153"]
[EventDate "2023.10.29"]
[EventType "team-tourn"]
[EventRounds "9"]
[EventCountry "GCI"]
[SourceTitle "Mega2024 Update 01"]
[Source "Chessbase"]
[SourceDate "2023.11.12"]
[SourceVersion "1"]
[SourceVersionDate "2023.11.12"]
[SourceQuality "1"]
[WhiteTeam "Jersey"]
[BlackTeam "Luxembourg"]
[WhiteTeamCountry "GCI"]
[BlackTeamCountry "LUX"]

1. e4 c5 2. c3 d5 3. exd5 Qxd5 4. d4 Nf6 5. Nf3 e6 6. Be3 cxd4 7. cxd4 Bb4+ 8. Nc3 Qa5 9. Bd2 0-0 10. Bd3 Qd8 11. 0-0 Nc6 12. Bg5 Be7 13. Rc1 h6 14. Bh4 Nh5 15. Bxe7 Nxe7 16. Re1 Nf4 17. Be4 Rb8 18. g3 Nfd5 19. Qb3 Nf6 20. Bd3 b6 21. Ne4 Nxe4 22. Bxe4 Bb7 23. Bxb7 Rxb7 24. Red1 Rc7 25. Kg2 Qd6 26. Rxc7 Qxc7 27. Rd3 Qb7 28. h3 Rd8 29. Kh2 Nf5 30. Qd1 Qe4 31. Rd2 Qd5 32. a3 Qe4 33. Kg2 Qd5 34. Qe2 Qb7 35. Qe5 Qc6 36. d5 Rxd5 37. Rxd5 Qxd5 38. Qb8+ Kh7 39. Qxa7 e5 40. Qa4 e4 41. Ne1 e3+ 42. Kf1 exf2 43. Ng2 Qd3+ 44. Kxf2 Qxg3+ 45. Kg1 Qxh3 46. Qb4 Qd3 47. Qxb6 Nd4 48. a4 Qd1+ 49. Kh2 Qxa4 50. b4 Qd7 51. Qc5 Qg4 52. Ne1 Qh4+ 53. Kg2 Qe4+ 54. Kh2 Qf4+ 55. Kg2 Qd2+ 56. Kh3 f5 57. Nf3 Qe3 58. Qxd4 Qxf3+ 59. Kh2 f4 60. Qe5 Qg3+ 61. Kh1 Qh3+ 62. Kg1 Qg4+ 63. Kf1 f3 64. Qb2 Qh3+ 65. Kg1 f2+ 66. Qxf2 Qg4+ 67. Kh2 Qxb4 68. Qf5+ Kg8 69. Qe6+ Kf8 70. Qf5+ Ke8 71. Qg6+ Kf8 72. Qf5+ Kg8 73. Qe6+ Kh8 74. Qc8+ Kh7 75. Qf5+ g6 76. Qf7+ Kh8 77. Qf6+ 1/2-1/2

[Event "Rhodes Summer Cup"]
[Site "Rhodes"]
[Date "2023.08.29"]
[Round "9"]
[White "Loiacono, Leonardo"]
[Black "Gurner, Jem"]
[Result "1-0"]
[WhiteElo "2281"]
[BlackElo "1847"]
[PlyCount "73"]
[EventDate "2023.08.21"]
[EventType "swiss"]
[EventRounds "9"]
[EventCountry "GRE"]
[SourceTitle "EXT 2024"]
[Source "ChessBase"]
[SourceDate "2023.10.10"]
[SourceVersion "1"]
[SourceVersionDate "2023.10.10"]
[SourceQuality "1"]

1. g3 e5 2. Bg2 Nc6 3. e4 Nf6 4. Nc3 Bc5 5. h3 0-0 6. Nge2 Re8 7. 0-0 Nd4 8. d3 c6 9. Nxd4 exd4 10. Na4 Bf8 11. b3 d5 12. Re1 b5 13. Nb2 Bb4 14. Bd2 Bc3 15. Qc1 Bb7 16. e5 Nd7 17. Bxc3 dxc3 18. Nd1 Rxe5 19. Rxe5 Nxe5 20. d4 Ng6 21. Nxc3 a5 22. Qd2 a4 23. bxa4 b4 24. Nd1 Rxa4 25. Nb2 Ra5 26. Nd3 Rb5 27. Nxb4 Qa5 28. c3 c5 29. dxc5 Rxc5 30. Re1 Qa8 31. Rd1 Ra5 32. Nxd5 Rxa2 33. Ne7+ Kf8 34. Nxg6+ hxg6 35. Qd6+ Kg8 36. Qd8+ Kh7 37. Qh4+ 1-0

[Event "Rhodes Summer Cup"]
[Site "Rhodes"]
[Date "2023.08.22"]
[Round "2"]
[White "Gurner, Jem"]
[Black "Czebe, Attila"]
[Result "0-1"]
[WhiteElo "1847"]
[BlackElo "2360"]
[PlyCount "84"]
[EventDate "2023.08.21"]
[EventType "swiss"]
[EventRounds "9"]
[EventCountry "GRE"]
[SourceTitle "CBM 215 Extra"]
[Source "ChessBase"]
[SourceDate "2023.09.30"]
[SourceVersion "1"]
[SourceVersionDate "2023.09.30"]
[SourceQuality "1"]

1. d4 Nf6 2. c4 e6 3. Nf3 Bb4+ 4. Bd2 a5 5. g3 0-0 6. Bg2 Re8 7. 0-0 Bf8 8. Nc3 d6 9. e4 e5 10. d5 Nfd7 11. Re1 Nc5 12. Qc2 c6 13. Be3 Nba6 14. a3 cxd5 15. Nxd5 a4 16. Nd2 Bd7 17. f4 exf4 18. gxf4 Nc7 19. Bxc5 Nxd5 20. cxd5 Rc8 21. Qd3 Rxc5 22. b4 Rc7 23. e5 Qh4 24. e6 fxe6 25. dxe6 Bc6 26. Bd5 Be7 27. f5 Rec8 28. Nf3 Qh5 29. Ra2 Bxd5 30. Qxd5 Rf8 31. Nd4 Rc1 32. Rxc1 Qg5+ 33. Rg2 Qxc1+ 34. Kf2 Rc8 35. Ne2 Bh4+ 36. Kf3 Qxa3+ 37. Kg4 Be7 38. Qxb7 Rc4+ 39. Nf4 h5+ 40. Kxh5 Qh3+ 41. Nxh3 Rh4+ 42. Kg6 Rh6# 0-1

[Event "BCF-chT4 2223 (4NCL)"]
[Site "England"]
[Date "2023.04.29"]
[Round "9.84"]
[White "Taylor, Robert P"]
[Black "Gurner, Jem"]
[Result "0-1"]
[WhiteElo "1742"]
[BlackElo "1851"]
[PlyCount "84"]
[EventDate "2022.11.05"]
[EventType "team-swiss"]
[EventRounds "11"]
[EventCountry "ENG"]
[SourceTitle "EXT 2024"]
[Source "ChessBase"]
[SourceDate "2023.10.10"]
[SourceVersion "1"]
[SourceVersionDate "2023.10.10"]
[SourceQuality "1"]
[WhiteTeam "Ashfield III"]
[BlackTeam "Oxford III"]
[WhiteTeamCountry "ENG"]
[BlackTeamCountry "ENG"]

1. d4 Nf6 2. Bg5 e6 3. Nd2 d5 4. e3 Be7 5. Bd3 0-0 6. Ngf3 Nbd7 7. Qe2 c5 8. c3 b6 9. 0-0 Bb7 10. Ne5 Nxe5 11. dxe5 Ne4 12. Bf4 Qc7 13. Nf3 Rfd8 14. Rfd1 a6 15. a4 h6 16. h3 Bf8 17. Bh2 g6 18. Nd2 Bg7 19. f4 Nxd2 20. Rxd2 c4 21. Bc2 b5 22. Qg4 Qc5 23. Rd4 b4 24. cxb4 Qxb4 25. Rb1 Rac8 26. Bg3 h5 27. Qg5 Bc6 28. Bh4 Rf8 29. Bxg6 fxg6 30. Qxg6 Rce8 31. Bf6 Qb7 32. Bxg7 Qxg7 33. Qxh5 Bxa4 34. Rf1 Rf5 35. Qh4 Qh7 36. Qf2 Rh5 37. Kh2 Kh8 38. Qd2 Qc2 39. Qe1 Rg8 40. Rf2 Qg6 41. Rfd2 Bc2 42. Qg1 Rxh3+ 0-1

[Event "Olympiad-44"]
[Site "Chennai"]
[Date "2022.08.05"]
[Round "7.3"]
[White "Ahmed, Fuad"]
[Black "Gurner, Jem"]
[Result "0-1"]
[WhiteElo "1728"]
[BlackElo "1800"]
[PlyCount "102"]
[EventDate "2022.07.29"]
[EventType "team-swiss"]
[EventRounds "11"]
[EventCountry "IND"]
[SourceTitle "CBM 210"]
[Source "ChessBase"]
[SourceDate "2022.10.31"]
[SourceVersion "1"]
[SourceVersionDate "2022.10.31"]
[SourceQuality "1"]
[WhiteTeam "Maldives"]
[BlackTeam "Jersey"]
[WhiteTeamCountry "MDV"]
[BlackTeamCountry "GCI"]

1. d4 g6 2. e4 Bg7 3. Be3 d6 4. Bd3 c5 5. c3 cxd4 6. Bxd4 Nf6 7. Nd2 0-0 8. Ne2 Nc6 9. 0-0 e5 10. Be3 Ng4 11. a4 Be6 12. Re1 Nxe3 13. fxe3 Qb6 14. Nf1 Qxb2 15. Rb1 Qa3 16. Rxb7 Rab8 17. Rxb8 Rxb8 18. Qa1 Qxa1 19. Rxa1 Na5 20. Bb5 Bc4 21. Nc1 Bh6 22. Bxc4 Nxc4 23. Kf2 Rb2+ 24. Kf3 Rc2 25. Ne2 a5 26. Kf2 Kf8 27. Kf3 Ke7 28. Kf2 Ke6 29. Kf3 Bg5 30. g4 Bd8 31. Kf2 Bb6 32. Kf3 Bc5 33. Kf2 Rb2 34. Kf3 Rb3 35. Kf2 Ba3 36. Ke1 Bb2 37. Rb1 Bxc3+ 38. Nxc3 Rxc3 39. Rb8 Ra3 40. Rh8 Nxe3 41. Nxe3 Rxe3+ 42. Kf2 Rxe4 43. Kf3 Rf4+ 44. Kg3 Rxa4 45. Rxh7 Ra1 46. Rh8 a4 47. Ra8 a3 48. Kg2 a2 49. Ra5 e4 50. Ra3 Kf6 51. h4 e3 0-1

[Event "Olympiad-44"]
[Site "Chennai"]
[Date "2022.08.03"]
[Round "6.3"]
[White "Gurner, Jem"]
[Black "Junior, Domingos"]
[Result "1/2-1/2"]
[WhiteElo "1800"]
[BlackElo "2107"]
[PlyCount "77"]
[EventDate "2022.07.29"]
[EventType "team-swiss"]
[EventRounds "11"]
[EventCountry "IND"]
[SourceTitle "CBM 210"]
[Source "ChessBase"]
[SourceDate "2022.10.31"]
[SourceVersion "1"]
[SourceVersionDate "2022.10.31"]
[SourceQuality "1"]
[WhiteTeam "Jersey"]
[BlackTeam "Angola"]
[WhiteTeamCountry "GCI"]
[BlackTeamCountry "ANG"]

1. d4 Nf6 2. c4 e6 3. Nf3 b6 4. g3 Bb7 5. Bg2 Be7 6. 0-0 0-0 7. Re1 d5 8. cxd5 exd5 9. Nc3 Nbd7 10. Bf4 Ne4 11. Rc1 Nxc3 12. Rxc3 c6 13. a3 Re8 14. h4 b5 15. Rc1 Bf6 16. Qd3 Nb6 17. Ng5 g6 18. b3 Qe7 19. e4 h6 20. Nh3 dxe4 21. Bxe4 Qd7 22. Bxg6 Rxe1+ 23. Rxe1 fxg6 24. Qxg6+ Qg7 25. Qh5 Qf7 26. Qxh6 Bg7 27. Qg5 Re8 28. Rxe8+ Qxe8 29. Be5 Qf8 30. Nf4 Nd7 31. h5 Nxe5 32. dxe5 Qxa3 33. h6 Qa1+ 34. Kh2 Qxe5 35. Qd8+ Kh7 36. Qd7 Qd4 37. Qxb7 Qxf2+ 38. Kh3 Qf1+ 39. Kh2 1/2-1/2

[Event "World Cup U18 Prel"]
[Site "Tornelo INT"]
[Date "2021.08.16"]
[Round "1"]
[White "Gurner, Jem"]
[Black "Harshavardhan, GB."]
[Result "0-1"]
[WhiteElo "1800"]
[BlackElo "2397"]
[PlyCount "78"]
[EventDate "2021.08.16"]
[EventType "swiss (rapid)"]
[EventRounds "10"]
[EventCountry "NET"]
[SourceTitle "CBM 203 Extra"]
[Source "ChessBase"]
[SourceDate "2021.09.30"]
[SourceVersion "1"]
[SourceVersionDate "2021.09.30"]
[SourceQuality "1"]

1. d4 Nf6 2. c4 c5 3. d5 b5 4. cxb5 a6 5. Nc3 axb5 6. e4 b4 7. Nb5 d6 8. Bf4 g5 9. Bxg5 Nxe4 10. Bf4 Bg7 11. Qc2 Nf6 12. Bc4 Nbd7 13. Nf3 Nb6 14. Rd1 Nxc4 15. Qxc4 Ba6 16. a4 bxa3 17. Qa4 0-0 18. Nxa3 Be2 19. Qc2 Bxd1 20. Qxd1 Qb8 21. 0-0 Qb7 22. Nc4 Nxd5 23. Bg5 h6 24. Bd2 Rfb8 25. Nh4 Qb3 26. Qg4 Nf6 27. Qf4 Ra4 28. Nf5 Rxc4 29. Nxe7+ Kh8 30. Qf5 Qc2 31. Bxh6 Qxf5 32. Bxg7+ Kxg7 33. Nxf5+ Kf8 34. Nxd6 Rc2 35. h4 Rbxb2 36. Ra1 Rxf2 37. Ra7 Ng4 38. Ra8+ Kg7 39. Ne8+ Kh6 0-1

[Event "Caplin British Online"]
[Site "Chess.com INT"]
[Date "2020.12.30"]
[Round "7"]
[White "Gordon, Sean1111"]
[Black "Gurner, Jem"]
[Result "0-1"]
[WhiteElo "2039"]
[BlackElo "1800"]
[PlyCount "82"]
[EventDate "2020.12.21"]
[EventType "swiss"]
[EventRounds "9"]
[EventCountry "GBR"]
[SourceTitle "CBM 200 Extra"]
[Source "ChessBase"]
[SourceDate "2021.03.31"]
[SourceVersion "1"]
[SourceVersionDate "2021.03.31"]
[SourceQuality "1"]

1. d4 g6 2. e4 Bg7 3. c4 d6 4. Nc3 e5 5. Nf3 Nc6 6. dxe5 Nxe5 7. Be2 Ne7 8. Nxe5 Bxe5 9. Bh6 f5 10. f4 Bf6 11. 0-0 Be6 12. Nd5 Bxd5 13. exd5 Ng8 14. Qa4+ Qd7 15. Qxd7+ Kxd7 16. Bg5 Bxb2 17. Rab1 Bd4+ 18. Kh1 Rb8 19. Bd1 Nf6 20. Ba4+ c6 21. Rxb7+ Rxb7 22. dxc6+ Kc7 23. cxb7 Ne4 24. Bh4 Rb8 25. h3 Rxb7 26. Be1 Rb2 27. Bb3 Kc6 28. Kh2 h6 29. Bg3 Nd2 30. Rd1 Be3 31. Ra1 g5 32. fxg5 hxg5 33. Kh1 Nxb3 34. axb3 Rxb3 35. Ra6+ Rb6 36. Ra1 Rb4 37. h4 gxh4 38. Bxh4 Rxc4 39. g3 Rc1+ 40. Rxc1+ Bxc1 41. Bf6 a5 0-1